| 000 | 00668nam a2200193Ia 4500 | ||
|---|---|---|---|
| 003 | GCL | ||
| 008 | 140319s9999 xx 000 0 ara d | ||
| 040 |
_aGCL / _cGCL |
||
| 082 | 0 | 4 |
_a953.07393 _bح ص |
| 100 | 1 | _aحسن الامين | |
| 245 | 1 | 0 |
_aصلاح الدين الايوبى بين العباسيين والفاطميين والصليبيين / _cحسن الامين |
| 300 | _a217 ص | ||
| 490 |
_aالهيئة العامة للاستعلامات _v0 |
||
| 650 | 0 | 4 | _aالحروب الصليبية |
| 650 | 0 | 4 | _aالدولة الفاطمية |
| 650 | 0 | 4 | _aالدولة العباسية |
| 650 | 0 | 4 | _aصلاح الدين الايوبى |
| 942 |
_2ddc _cBK |
||
| 999 |
_c47909 _d47909 |
||